000 00197nam a2200085Ia 4500
008 211105s9999 xx 000 0 und d
020 _a"
100 _aTOLKIEN, Simon
_9125871
245 0 _aFinal witness
999 _c596024
_d596023